| 000 | 00000nam##2200000za#4500 |
| 001 | 9.634104 |
| 003 | CaOODSP |
| 005 | 20221104105554 |
| 007 | cr ||||||||||| |
| 008 | 150407|2007||||xxc|||||o f|0| 0 fre|d |
| 020 | |a978-0-662-09194-3 |
| 040 | |aCaOODSP|bfre |
| 043 | |an-cn--- |
| 086 | 1 |aR63-278/2007F-PDF |
| 110 | 2 |aParcs Canada. |
| 245 | 10|aGuide du visiteur de l'arrière-pays Parc national Kootenay |h[ressource électronique] |
| 260 | |aVictoria - Colombie Britannique : |bParcs Canada |c[2007]. |
| 300 | |a2p.|bcarte |
| 500 | |aLe n° de catalogue (R63-278/2007F) et l'ISBN (978-0-662-09193-6) de l'édition imprimée ont été copiés dans l'édition électronique. |
| 590 | |a14-17-Supp|b2014-10-09 |
| 691 | 07|aParc national|2gcpds |
| 775 | 08|tKootenay National Park backcountry guide |w(CaOODSP)9.689706 |
| 856 | 40|ahttp://publications.gc.ca|qPDF|s511 Ko|uhttps://publications.gc.ca/collections/collection_2014/pc/R63-278-2007-fra.pdf |